000 01080cam a22003257a 4500
003 CHAP
005 20220817040933.0
008 971013s1991 r 00010 d
010 _a3037
011 _a4009
035 _a3210
040 _cCHAP
090 _aFolleto 13872
100 0 0 _aSnowball, K.
_9107240
245 0 _aCarencias y toxicidades nutricionales que afectan al trigo
_b: una guía para su identificación en el campo
260 _aMéxico, D. F. :
_bCIMMYT,
_c1991
300 _a76 p.
_b: ilus
590 _aBATCH-UPD
_b10
_c20130110
_lUCH01
_h1114
590 _aBATCH-UPD
_b10
_c20130410
_lUCH01
_h0705
590 _aBATCH-UPD
_b10
_c20130914
_lUCH01
_h1732
590 _aCONVERSION
_b10
_c20130109
_lUCH01
_h1303
650 1 4 _aPlantas
_xNutrición.
_988874
650 1 4 _aTrigo.
_9114954
700 0 _aRobson, Alan David.
_998143
710 0 _aCentro Internacional de Mejoramiento de Maíz y Trigo.
901 _aBK
942 _cFOLL
949 _aFolleto 13872
_bBC
_cFOLL
_d-12721
_eTS1
_i3210
_mD
_si
949 _aFolleto 13872
_bBC
_cFOLL
_d-143091
_eTS2
_fc.2
_i3210
_si
999 _c3037
_d3037